000
00360nam a2200157Ia 4500
003
0STCL
008
150530s9999 xx 000 0 und d
040
_a
STCL
_c
STCL
100
_a
Malik, S.C.
245
_a
Principles of real analysis
260
_b
Wiley Eastern
_c
1982
546
_a
English
942
_2
ddc
_c
BK
999
_c
23601
_d
23601
005
20220125165958.0